[Event "Team Championship of Russia (rapid)"]
[Site "Sochi"]
[Date "2015.05.08"]
[Round "4.25"]
[White "Smirnov, Timofey"]
[Black "Iljin, Artem"]
[Result "1/2-1/2"]
[LiveChessVersion "1.4.4"]
[BlackElo "2506"]
[WhiteElo "2281"]
[BlackTeam "Ladya-2"]

1. e4 {[%clk 0:15:18]} c6 {[%clk 0:15:17]} 2. d4 {[%clk 0:15:25]} d5
{[%clk 0:15:25]} 3. Nc3 {[%clk 0:15:32]} dxe4 {[%clk 0:15:32]} 4. Nxe4
{[%clk 0:15:40]} Bf5 {[%clk 0:15:40]} 5. Ng3 {[%clk 0:15:48]} Bg6
{[%clk 0:15:48]} 6. h4 {[%clk 0:15:56]} h6 {[%clk 0:15:57]} 7. Nf3
{[%clk 0:16:04]} Nd7 {[%clk 0:16:05]} 8. h5 {[%clk 0:16:12]} Bh7 {[%clk 0:16:14]}
9. Bd3 {[%clk 0:16:20]} Bxd3 {[%clk 0:16:23]} 10. Qxd3 {[%clk 0:16:29]} Qc7
{[%clk 0:16:27]} 11. Bd2 {[%clk 0:15:52]} Ngf6 {[%clk 0:16:31]} 12. O-O-O
{[%clk 0:15:51]} e6 {[%clk 0:16:39]} 13. Ne4 {[%clk 0:15:58]} O-O-O
{[%clk 0:16:25]} 14. g3 {[%clk 0:14:37]} Be7 {[%clk 0:14:54]} 15. Bf4
{[%clk 0:13:13]} Qa5 {[%clk 0:14:42]} 16. Kb1 {[%clk 0:11:52]} Qf5
{[%clk 0:14:17]} 17. Nxf6 {[%clk 0:11:31]} Qxd3 {[%clk 0:14:17]} 18. Rxd3
{[%clk 0:11:36]} Bxf6 {[%clk 0:14:21]} 19. Re1 {[%clk 0:11:26]} Rhe8
{[%clk 0:13:03]} 20. c3 {[%clk 0:09:46]} c5 {[%clk 0:10:30]} 21. Rd2
{[%clk 0:06:44]} cxd4 {[%clk 0:07:55]} 22. cxd4 {[%clk 0:05:37]} Nb8
{[%clk 0:07:57]} 23. Rc1+ {[%clk 0:05:27]} Nc6 {[%clk 0:08:05]} 24. b4
{[%clk 0:05:34]} Rd5 {[%clk 0:07:53]} 25. a4 {[%clk 0:03:42]} a6 {[%clk 0:05:36]}
26. Rb2 {[%clk 0:01:33]} Kd8 {[%clk 0:05:01]} 27. b5 {[%clk 0:01:14]} axb5
{[%clk 0:04:38]} 28. Rxb5 {[%clk 0:00:40]} Rxb5+ {[%clk 0:01:31]} 29. axb5
{[%clk 0:00:49]} Nxd4 {[%clk 0:01:38]} 30. Rd1 {[%clk 0:00:16]} e5
{[%clk 0:01:46]} 31. Be3 {[%clk 0:00:22]} Kc7 {[%clk 0:00:51]} 32. Nxd4
{[%clk 0:00:30]} exd4 {[%clk 0:00:59]} 33. Bxd4 {[%clk 0:00:40]} Bxd4
{[%clk 0:01:02]} 34. Rxd4 {[%clk 0:00:49]} Re5 {[%clk 0:01:06]} 35. g4
{[%clk 0:00:42]} Rxb5+ {[%clk 0:01:09]} 36. Kc2 {[%clk 0:00:51]} Rc5+
{[%clk 0:01:13]} 37. Kb2 {[%clk 0:00:28]} Kc6 {[%clk 0:00:36]} 38. Rf4
{[%clk 0:00:28]} f6 {[%clk 0:00:44]} 39. Rd4 {[%clk 0:00:32]} b5 {[%clk 0:00:37]}
40. f3 {[%clk 0:00:33]} Rc4 {[%clk 0:00:40]} 41. Rd8 {[%clk 0:00:30]} Rf4
{[%clk 0:00:26]} 42. Rg8 {[%clk 0:00:38]} Rxf3 {[%clk 0:00:34]} 43. Rxg7
{[%clk 0:00:46]} Kc5 {[%clk 0:00:33]} 44. Rg6 {[%clk 0:00:55]} Kc4
{[%clk 0:00:39]} 45. Rxh6 {[%clk 0:00:50]} Rf2+ {[%clk 0:00:48]} 46. Kc1
{[%clk 0:00:47]} Kc3 {[%clk 0:00:50]} 47. Kd1 {[%clk 0:00:52]} b4
{[%clk 0:00:59]} 48. Rh8 {[%clk 0:00:38]} b3 {[%clk 0:01:08]} 49. Rc8+
{[%clk 0:00:46]} Kd3 {[%clk 0:01:16]} 50. Kc1 {[%clk 0:00:52]} Rg2
{[%clk 0:01:13]} 51. Rc6 {[%clk 0:00:39]} Rxg4 {[%clk 0:00:48]} 52. Rxf6
{[%clk 0:00:46]} 1/2-1/2

[Event "Team Championship of Russia (rapid)"]
[Site "Sochi"]
[Date "2015.05.08"]
[Round "4.26"]
[White "Rodchenkov, Sergey D."]
[Black "Tarasov, Alexandr"]
[Result "1-0"]
[LiveChessVersion "1.4.4"]
[BlackElo "2297"]
[WhiteElo "2299"]
[WhiteTeam "Ladya-2"]

1. d4 {[%clk 0:15:17]} Nf6 {[%clk 0:15:14]} 2. Nf3 {[%clk 0:15:24]} e6
{[%clk 0:15:12]} 3. c4 {[%clk 0:15:31]} b6 {[%clk 0:15:17]} 4. Nc3
{[%clk 0:15:16]} Bb7 {[%clk 0:15:13]} 5. a3 {[%clk 0:14:33]} d5 {[%clk 0:13:25]}
6. Bg5 {[%clk 0:14:12]} Be7 {[%clk 0:12:27]} 7. e3 {[%clk 0:13:50]} O-O
{[%clk 0:12:26]} 8. Rc1 {[%clk 0:13:49]} c5 {[%clk 0:08:22]} 9. dxc5
{[%clk 0:13:21]} bxc5 {[%clk 0:08:26]} 10. Be2 {[%clk 0:13:20]} Nbd7
{[%clk 0:06:48]} 11. O-O {[%clk 0:13:19]} Ne4 {[%clk 0:05:27]} 12. Nxe4
{[%clk 0:11:37]} dxe4 {[%clk 0:05:32]} 13. Bxe7 {[%clk 0:11:45]} Qxe7
{[%clk 0:05:40]} 14. Nd2 {[%clk 0:11:53]} f5 {[%clk 0:05:21]} 15. Qc2
{[%clk 0:09:21]} a5 {[%clk 0:05:02]} 16. Qc3 {[%clk 0:08:48]} a4 {[%clk 0:04:56]}
17. f4 {[%clk 0:08:40]} e5 {[%clk 0:04:13]} 18. g3 {[%clk 0:08:22]} exf4
{[%clk 0:04:09]} 19. exf4 {[%clk 0:08:18]} Nf6 {[%clk 0:02:49]} 20. Rfe1
{[%clk 0:08:02]} Rfd8 {[%clk 0:02:31]} 21. Nf1 {[%clk 0:07:56]} Rd4
{[%clk 0:02:02]} 22. Ne3 {[%clk 0:07:56]} Qd7 {[%clk 0:01:51]} 23. Rcd1
{[%clk 0:07:33]} Rd8 {[%clk 0:01:12]} 24. Qa5 {[%clk 0:07:33]} Qc6
{[%clk 0:00:14]} 25. Qxd8+ {[%clk 0:07:14]} Rxd8 {[%clk 0:00:22]} 26. Rxd8+
{[%clk 0:07:23]} Kf7 {[%clk 0:00:30]} 27. Red1 {[%clk 0:07:32]} Qb6
{[%clk 0:00:17]} 28. R1d2 {[%clk 0:07:28]} g6 {[%clk 0:00:21]} 29. Kf2
{[%clk 0:07:22]} Bc6 {[%clk 0:00:18]} 30. h3 {[%clk 0:07:20]} Ke7
{[%clk 0:00:19]} 31. Rh8 {[%clk 0:06:58]} Be8 {[%clk 0:00:18]} 32. Rxh7+
{[%clk 0:06:55]} Kf8 {[%clk 0:00:14]} 33. Rh4 {[%clk 0:06:37]} Kg7
{[%clk 0:00:18]} 34. g4 {[%clk 0:06:45]} Qb8 {[%clk 0:00:12]} 35. gxf5
{[%clk 0:06:39]} gxf5 {[%clk 0:00:21]} 36. Nxf5+ {[%clk 0:06:45]} Kg6
{[%clk 0:00:28]} 37. Ne3 {[%clk 0:06:53]} Bd7 {[%clk 0:00:23]} 38. Ke1
{[%clk 0:05:55]} Qc7 {[%clk 0:00:21]} 39. Bd1 {[%clk 0:05:19]} Qb6
{[%clk 0:00:13]} 40. Bg4 {[%clk 0:05:15]} Qb3 {[%clk 0:00:12]} 41. Ke2
{[%clk 0:05:17]} Be8 {[%clk 0:00:14]} 42. Kf2 {[%clk 0:05:09]} Bf7
{[%clk 0:00:13]} 43. Bd1 {[%clk 0:05:13]} Qa2 {[%clk 0:00:14]} 44. Be2
{[%clk 0:04:45]} Qa1 {[%clk 0:00:13]} 45. Rd6 {[%clk 0:04:21]} Qxb2
{[%clk 0:00:20]} 46. Ng4 {[%clk 0:04:08]} Bxc4 {[%clk 0:00:15]} 47. Ne5+
{[%clk 0:04:11]} Kf5 {[%clk 0:00:14]} 48. Nxc4 {[%clk 0:04:13]} 1-0

[Event "Team Championship of Russia (rapid)"]
[Site "Sochi"]
[Date "2015.05.08"]
[Round "4.27"]
[White "Payanidi, Janis"]
[Black "Gerasimov, Ivan"]
[Result "0-1"]
[LiveChessVersion "1.4.4"]
[BlackElo "2311"]
[WhiteElo "2404"]
[BlackTeam "Ladya-2"]

1. e4 {[%clk 0:15:18]} c5 {[%clk 0:15:17]} 2. Nf3 {[%clk 0:15:27]} e6
{[%clk 0:15:12]} 3. c3 {[%clk 0:15:36]} Nf6 {[%clk 0:14:45]} 4. e5
{[%clk 0:15:45]} Nd5 {[%clk 0:14:54]} 5. d4 {[%clk 0:15:54]} cxd4
{[%clk 0:14:54]} 6. cxd4 {[%clk 0:16:02]} b6 {[%clk 0:14:59]} 7. Nc3
{[%clk 0:16:07]} Nxc3 {[%clk 0:14:48]} 8. bxc3 {[%clk 0:16:14]} Qc7
{[%clk 0:14:56]} 9. Qb3 {[%clk 0:16:21]} Bb7 {[%clk 0:14:58]} 10. Be2
{[%clk 0:16:23]} d6 {[%clk 0:14:42]} 11. exd6 {[%clk 0:15:55]} Bxd6
{[%clk 0:14:49]} 12. Ba3 {[%clk 0:15:54]} O-O {[%clk 0:14:51]} 13. O-O
{[%clk 0:15:07]} Nd7 {[%clk 0:14:32]} 14. Bxd6 {[%clk 0:15:08]} Qxd6
{[%clk 0:14:41]} 15. a4 {[%clk 0:15:13]} e5 {[%clk 0:10:41]} 16. dxe5
{[%clk 0:15:19]} Nxe5 {[%clk 0:10:49]} 17. Nxe5 {[%clk 0:15:10]} Qxe5
{[%clk 0:10:56]} 18. Rfe1 {[%clk 0:15:04]} Rfe8 {[%clk 0:06:57]} 19. c4
{[%clk 0:12:23]} Re6 {[%clk 0:05:56]} 20. Qg3 {[%clk 0:10:06]} Qa5
{[%clk 0:03:49]} 21. Qc7 {[%clk 0:07:42]} Ba6 {[%clk 0:03:55]} 22. Kf1
{[%clk 0:07:31]} Rae8 {[%clk 0:03:52]} 23. f3 {[%clk 0:05:42]} h6
{[%clk 0:02:38]} 24. Qg3 {[%clk 0:05:24]} Rxe2 {[%clk 0:02:36]} 25. Rxe2
{[%clk 0:05:22]} Bxc4 {[%clk 0:02:41]} 26. Rae1 {[%clk 0:05:25]} Rxe2
{[%clk 0:02:12]} 27. Rxe2 {[%clk 0:05:34]} Qd2 {[%clk 0:02:16]} 28. Qb8+
{[%clk 0:05:16]} Kh7 {[%clk 0:02:24]} 29. Qe8 {[%clk 0:05:21]} Qxe2+
{[%clk 0:02:25]} 30. Qxe2 {[%clk 0:05:30]} Bxe2+ {[%clk 0:02:33]} 31. Kxe2
{[%clk 0:05:38]} Kg6 {[%clk 0:02:10]} 32. Kd3 {[%clk 0:05:47]} Kf5
{[%clk 0:02:17]} 33. Kc4 {[%clk 0:05:53]} a6 {[%clk 0:02:24]} 34. Kd5
{[%clk 0:06:02]} Kf4 {[%clk 0:02:15]} 35. Kc6 {[%clk 0:06:09]} b5
{[%clk 0:02:24]} 36. axb5 {[%clk 0:06:03]} axb5 {[%clk 0:02:31]} 37. Kxb5
{[%clk 0:06:11]} Ke3 {[%clk 0:02:38]} 38. Kc6 {[%clk 0:06:13]} Kf2
{[%clk 0:02:46]} 39. Kd6 {[%clk 0:06:23]} Kxg2 {[%clk 0:02:51]} 40. Ke7
{[%clk 0:06:30]} f5 {[%clk 0:02:37]} 41. f4 {[%clk 0:06:09]} g5 0-1

[Event "Team Championship of Russia (rapid)"]
[Site "Sochi"]
[Date "2015.05.08"]
[Round "4.28"]
[White "Torbin, Kirill"]
[Black "Kovalev, Egor"]
[Result "1-0"]
[LiveChessVersion "1.4.4"]
[BlackElo "2334"]
[WhiteElo "2344"]
[WhiteTeam "Ladya-2"]

1. d4 {[%clk 0:15:19]} Nf6 {[%clk 0:15:18]} 2. Nf3 {[%clk 0:15:27]} g6
{[%clk 0:15:25]} 3. c4 {[%clk 0:15:36]} Bg7 {[%clk 0:15:34]} 4. g3
{[%clk 0:15:44]} O-O {[%clk 0:15:43]} 5. Bg2 {[%clk 0:15:53]} d5 {[%clk 0:15:51]}
6. cxd5 {[%clk 0:16:01]} Nxd5 {[%clk 0:15:59]} 7. O-O {[%clk 0:16:09]} Nb6
{[%clk 0:16:07]} 8. e4 {[%clk 0:16:15]} Bg4 {[%clk 0:16:00]} 9. d5
{[%clk 0:16:02]} c6 {[%clk 0:15:56]} 10. Nc3 {[%clk 0:16:02]} cxd5
{[%clk 0:15:31]} 11. Nxd5 {[%clk 0:15:46]} Nxd5 {[%clk 0:15:11]} 12. exd5
{[%clk 0:15:54]} Qd7 {[%clk 0:14:43]} 13. Qb3 {[%clk 0:15:20]} Na6
{[%clk 0:13:54]} 14. Be3 {[%clk 0:15:28]} Rfc8 {[%clk 0:11:48]} 15. Rac1
{[%clk 0:15:09]} Rxc1 {[%clk 0:11:32]} 16. Rxc1 {[%clk 0:15:18]} Rc8
{[%clk 0:11:38]} 17. Rxc8+ {[%clk 0:12:44]} Qxc8 {[%clk 0:11:47]} 18. h3
{[%clk 0:12:51]} Bd7 {[%clk 0:10:51]} 19. Kh2 {[%clk 0:12:12]} b6
{[%clk 0:08:46]} 20. Qa3 {[%clk 0:12:07]} Bf6 {[%clk 0:08:19]} 21. Nd2
{[%clk 0:10:02]} Bf5 {[%clk 0:07:24]} 22. b4 {[%clk 0:09:30]} h5 {[%clk 0:03:20]}
23. b5 {[%clk 0:08:36]} Nc7 {[%clk 0:03:26]} 24. Qxa7 {[%clk 0:08:38]} Nxb5
{[%clk 0:03:34]} 25. Qxb6 {[%clk 0:08:44]} Nc3 {[%clk 0:03:32]} 26. a3
{[%clk 0:08:10]} Qd7 {[%clk 0:01:17]} 27. Qc6 {[%clk 0:08:08]} Nd1
{[%clk 0:01:20]} 28. Bc5 {[%clk 0:07:53]} Nc3 {[%clk 0:00:56]} 29. h4
{[%clk 0:06:48]} Kg7 {[%clk 0:00:53]} 30. Bb4 {[%clk 0:06:15]} Na4
{[%clk 0:00:29]} 31. Ne4 {[%clk 0:06:06]} Bxe4 {[%clk 0:00:31]} 32. Qxd7
{[%clk 0:06:13]} 1-0

[Event "Team Championship of Russia (rapid)"]
[Site "Sochi"]
[Date "2015.05.08"]
[Round "4.29"]
[White "Zablotsky, Sergei"]
[Black "Potapov, Pavel"]
[Result "1/2-1/2"]
[LiveChessVersion "1.4.4"]
[BlackElo "2500"]
[WhiteElo "2297"]
[BlackTeam "Yamal"]

1. Nf3 {[%clk 0:15:18]} f5 {[%clk 0:15:18]} 2. d4 {[%clk 0:15:20]} Nf6
{[%clk 0:15:21]} 3. c4 {[%clk 0:15:27]} g6 {[%clk 0:15:29]} 4. Nc3
{[%clk 0:15:31]} Bg7 {[%clk 0:15:37]} 5. g3 {[%clk 0:15:40]} O-O {[%clk 0:15:44]}
6. Bg2 {[%clk 0:15:48]} d6 {[%clk 0:15:52]} 7. O-O {[%clk 0:15:55]} c6
{[%clk 0:16:00]} 8. Rb1 {[%clk 0:15:58]} Qc7 {[%clk 0:15:37]} 9. d5
{[%clk 0:14:13]} Na6 {[%clk 0:14:36]} 10. Nd4 {[%clk 0:14:08]} Bd7
{[%clk 0:14:11]} 11. b4 {[%clk 0:12:45]} c5 {[%clk 0:12:04]} 12. Ne6
{[%clk 0:11:56]} Bxe6 {[%clk 0:12:03]} 13. dxe6 {[%clk 0:12:04]} Nxb4
{[%clk 0:09:56]} 14. a3 {[%clk 0:12:09]} Nc6 {[%clk 0:09:54]} 15. Qa4
{[%clk 0:11:25]} Rab8 {[%clk 0:09:20]} 16. Nb5 {[%clk 0:10:14]} Qa5
{[%clk 0:08:10]} 17. Qxa5 {[%clk 0:10:09]} Nxa5 {[%clk 0:08:16]} 18. Nxa7
{[%clk 0:10:14]} Ne4 {[%clk 0:08:06]} 19. Bxe4 {[%clk 0:08:16]} fxe4
{[%clk 0:08:14]} 20. Bg5 {[%clk 0:08:24]} Bf6 {[%clk 0:04:36]} 21. Bh6
{[%clk 0:08:28]} Bg7 {[%clk 0:03:49]} 22. Bg5 {[%clk 0:08:30]} Bf6
{[%clk 0:03:28]} 1/2-1/2

[Event "Team Championship of Russia (rapid)"]
[Site "Sochi"]
[Date "2015.05.08"]
[Round "4.30"]
[White "Belyakov, Bogdan"]
[Black "Bocharov, Ivan"]
[Result "1/2-1/2"]
[LiveChessVersion "1.4.4"]
[BlackElo "2404"]
[WhiteElo "2486"]

1. e4 {[%clk 0:15:16]} d5 {[%clk 0:15:19]} 2. exd5 {[%clk 0:15:16]} Qxd5
{[%clk 0:15:27]} 3. Nc3 {[%clk 0:15:24]} Qa5 {[%clk 0:15:36]} 4. Bc4
{[%clk 0:15:18]} Nf6 {[%clk 0:15:44]} 5. d3 {[%clk 0:15:21]} c6 {[%clk 0:15:45]}
6. Qe2 {[%clk 0:15:13]} Bf5 {[%clk 0:15:41]} 7. Bd2 {[%clk 0:15:13]} Qc7
{[%clk 0:15:38]} 8. h3 {[%clk 0:15:01]} h5 {[%clk 0:14:47]} 9. Nf3
{[%clk 0:14:32]} Nbd7 {[%clk 0:14:53]} 10. O-O-O {[%clk 0:14:24]} Bg6
{[%clk 0:14:01]} 11. Nh4 {[%clk 0:13:34]} Bh7 {[%clk 0:13:36]} 12. f4
{[%clk 0:13:22]} Nb6 {[%clk 0:10:38]} 13. Bb3 {[%clk 0:12:14]} Bg8
{[%clk 0:09:03]} 14. f5 {[%clk 0:10:58]} O-O-O {[%clk 0:08:29]} 15. Qf2
{[%clk 0:10:49]} Nfd5 {[%clk 0:07:43]} 16. Nxd5 {[%clk 0:10:44]} cxd5
{[%clk 0:07:49]} 17. a4 {[%clk 0:09:24]} e5 {[%clk 0:06:25]} 18. fxe6
{[%clk 0:09:06]} Bc5 {[%clk 0:05:52]} 19. d4 {[%clk 0:08:01]} Bd6
{[%clk 0:05:58]} 20. exf7 {[%clk 0:07:36]} Bxf7 {[%clk 0:05:58]} 21. Nf5
{[%clk 0:07:23]} Bg6 {[%clk 0:05:48]} 22. Nxd6+ {[%clk 0:07:28]} Qxd6
{[%clk 0:05:38]} 23. Bf4 {[%clk 0:07:08]} Rhf8 {[%clk 0:05:03]} 24. g3
{[%clk 0:06:49]} Qc6 {[%clk 0:05:05]} 25. Qd2 {[%clk 0:06:41]} Be4
{[%clk 0:04:48]} 26. Rhg1 {[%clk 0:06:06]} Nc4 {[%clk 0:03:46]} 27. Qc3
{[%clk 0:05:17]} g5 {[%clk 0:03:26]} 28. Bxg5 {[%clk 0:04:29]} Rf3
{[%clk 0:03:14]} 29. Qb4 {[%clk 0:04:22]} Rg8 {[%clk 0:02:59]} 30. Bf4
{[%clk 0:04:04]} a5 {[%clk 0:02:36]} 31. Qc5 {[%clk 0:03:07]} Qxc5
{[%clk 0:02:35]} 32. dxc5 {[%clk 0:03:16]} h4 {[%clk 0:02:45]} 33. Bxc4
{[%clk 0:02:08]} dxc4 {[%clk 0:02:54]} 34. Rge1 {[%clk 0:02:17]} Re8
{[%clk 0:02:11]} 35. Rd4 {[%clk 0:01:40]} hxg3 {[%clk 0:01:31]} 36. Bxg3
{[%clk 0:00:44]} Rxg3 {[%clk 0:01:36]} 37. Rdxe4 Rxe4 {[%clk 0:01:43]} 38. Rxe4
{[%clk 0:01:00]} c3 {[%clk 0:01:52]} 39. bxc3 {[%clk 0:01:05]} Rxh3
{[%clk 0:01:55]} 40. Re8+ {[%clk 0:01:10]} Kc7 {[%clk 0:01:57]} 41. Ra8
{[%clk 0:01:18]} Rxc3 {[%clk 0:02:05]} 42. Rxa5 {[%clk 0:01:27]} Kc6
{[%clk 0:01:52]} 43. Kb2 {[%clk 0:01:34]} Rh3 {[%clk 0:01:37]} 44. Rb5
{[%clk 0:01:39]} Rh4 {[%clk 0:01:43]} 45. Kb3 {[%clk 0:01:46]} Rh1
{[%clk 0:01:51]} 46. Kb4 {[%clk 0:01:36]} Rh4+ {[%clk 0:01:40]} 47. c4
{[%clk 0:01:44]} Rh1 {[%clk 0:01:48]} 48. Rb6+ {[%clk 0:01:52]} Kc7
{[%clk 0:01:58]} 49. Rg6 {[%clk 0:01:46]} Rb1+ {[%clk 0:02:06]} 50. Ka5
{[%clk 0:01:48]} Rb2 {[%clk 0:02:05]} 51. Rb6 {[%clk 0:00:52]} Rc2
{[%clk 0:02:14]} 52. Rb4 {[%clk 0:01:01]} Kc6 {[%clk 0:02:20]} 53. Rb6+
{[%clk 0:01:09]} Kc7 {[%clk 0:02:28]} 54. Kb4 {[%clk 0:01:11]} Rb2+
{[%clk 0:02:33]} 55. Kc3 {[%clk 0:01:19]} Ra2 {[%clk 0:02:39]} 56. Kb3
{[%clk 0:01:25]} Ra1 {[%clk 0:02:48]} 57. Rh6 {[%clk 0:01:29]} Rb1+
{[%clk 0:02:57]} 58. Kc3 {[%clk 0:01:13]} Rc1+ {[%clk 0:03:06]} 59. Kb4
{[%clk 0:01:20]} Rb1+ {[%clk 0:03:15]} 60. Ka5 {[%clk 0:01:29]} Rb2
{[%clk 0:03:24]} 61. Rb6 {[%clk 0:01:12]} Rc2 {[%clk 0:03:32]} 62. c6
{[%clk 0:01:03]} bxc6 {[%clk 0:03:32]} 63. Ka6 {[%clk 0:01:09]} Rxc4
{[%clk 0:03:32]} 64. a5 {[%clk 0:01:18]} Rc5 {[%clk 0:03:30]} 65. Rb7+
{[%clk 0:01:21]} Kc8 {[%clk 0:03:34]} 66. Rh7 {[%clk 0:01:27]} Rb5
{[%clk 0:03:41]} 67. Rg7 {[%clk 0:01:21]} Kb8 {[%clk 0:03:38]} 68. Rg6
{[%clk 0:01:14]} Kc7 {[%clk 0:03:46]} 69. Rh6 {[%clk 0:01:24]} Kd7
{[%clk 0:03:49]} 70. Rh1 {[%clk 0:01:25]} Kc7 {[%clk 0:03:55]} 71. Rh2
{[%clk 0:01:26]} Kc8 {[%clk 0:03:55]} 72. Ra2 {[%clk 0:01:15]} Kc7
{[%clk 0:04:01]} 73. Rg2 {[%clk 0:01:20]} Kc8 {[%clk 0:04:10]} 74. Rg7
{[%clk 0:00:57]} Kb8 {[%clk 0:04:18]} 75. Rh7 {[%clk 0:00:39]} Kc8
{[%clk 0:04:26]} 76. Ka7 {[%clk 0:00:37]} Rxa5+ {[%clk 0:04:34]} 77. Kb6
{[%clk 0:00:46]} Ra1 {[%clk 0:04:41]} 78. Kxc6 {[%clk 0:00:53]} Rc1+
{[%clk 0:04:50]} 79. Rh6 1/2-1/2

[Event "Team Championship of Russia (rapid)"]
[Site "Sochi"]
[Date "2015.05.08"]
[Round "4.31"]
[White "Anikonov, Dmitry"]
[Black "Goryachkina, Aleksandra"]
[Result "0-1"]
[LiveChessVersion "1.4.4"]
[BlackElo "2428"]
[WhiteElo "2330"]
[BlackTeam "Yamal"]

1. d4 {[%clk 0:15:19]} d5 {[%clk 0:15:19]} 2. c4 {[%clk 0:15:28]} e6
{[%clk 0:15:27]} 3. Nc3 {[%clk 0:15:35]} Nf6 {[%clk 0:15:36]} 4. Nf3
{[%clk 0:15:36]} c6 {[%clk 0:15:45]} 5. Bg5 {[%clk 0:15:45]} Nbd7
{[%clk 0:15:53]} 6. cxd5 {[%clk 0:15:48]} exd5 {[%clk 0:16:00]} 7. e3
{[%clk 0:15:49]} Qa5 {[%clk 0:16:09]} 8. Nd2 {[%clk 0:15:08]} Bd6
{[%clk 0:16:13]} 9. Be2 {[%clk 0:14:40]} O-O {[%clk 0:16:10]} 10. Bh4
{[%clk 0:14:46]} Re8 {[%clk 0:16:02]} 11. O-O {[%clk 0:14:49]} h6
{[%clk 0:16:06]} 12. a3 {[%clk 0:14:46]} Qc7 {[%clk 0:16:12]} 13. Bg3
{[%clk 0:14:54]} Bxg3 {[%clk 0:16:20]} 14. hxg3 {[%clk 0:15:03]} a5
{[%clk 0:15:33]} 15. Rc1 {[%clk 0:15:03]} Qd8 {[%clk 0:15:35]} 16. Na4
{[%clk 0:14:54]} g6 {[%clk 0:15:13]} 17. Bd3 {[%clk 0:14:47]} h5 {[%clk 0:15:15]}
18. Nb3 {[%clk 0:14:33]} Kg7 {[%clk 0:15:17]} 19. Qd2 {[%clk 0:14:12]} Ng4
{[%clk 0:14:54]} 20. Rfe1 {[%clk 0:11:22]} h4 {[%clk 0:14:12]} 21. Be2
{[%clk 0:10:24]} Ndf6 {[%clk 0:13:42]} 22. f3 {[%clk 0:05:55]} hxg3
{[%clk 0:10:01]} 23. fxg4 {[%clk 0:06:04]} Ne4 {[%clk 0:10:03]} 24. Qc2
{[%clk 0:05:16]} Qh4 {[%clk 0:09:31]} 25. Bf3 {[%clk 0:05:19]} Bxg4
{[%clk 0:09:27]} 26. Bxg4 {[%clk 0:05:10]} Qxg4 {[%clk 0:09:35]} 27. Nd2
{[%clk 0:04:12]} Rh8 {[%clk 0:07:14]} 28. Nxe4 {[%clk 0:02:26]} dxe4
{[%clk 0:06:51]} 29. Nc5 {[%clk 0:02:00]} Rae8 {[%clk 0:06:45]} 30. Nxb7
{[%clk 0:01:05]} Rh2 {[%clk 0:06:38]} 31. d5 {[%clk 0:00:25]} Qh5
{[%clk 0:06:23]} 32. Qc3+ {[%clk 0:00:20]} Kg8 {[%clk 0:06:32]} 0-1

[Event "Team Championship of Russia (rapid)"]
[Site "Sochi"]
[Date "2015.05.08"]
[Round "4.32"]
[White "Savitskiy, Sergey"]
[Black "Mikhel, Vladislav"]
[Result "1-0"]
[LiveChessVersion "1.4.4"]
[BlackElo "2334"]
[WhiteElo "2438"]
[WhiteTeam "Yamal"]

1. e4 {[%clk 0:15:18]} c5 {[%clk 0:15:19]} 2. Nf3 {[%clk 0:15:27]} d6
{[%clk 0:15:27]} 3. d4 {[%clk 0:15:36]} cxd4 {[%clk 0:15:36]} 4. Qxd4
{[%clk 0:15:44]} Nc6 {[%clk 0:15:36]} 5. Bb5 {[%clk 0:15:53]} Bd7
{[%clk 0:15:45]} 6. Bxc6 {[%clk 0:16:02]} Bxc6 {[%clk 0:15:54]} 7. Nc3
{[%clk 0:16:11]} e6 {[%clk 0:15:59]} 8. Bg5 {[%clk 0:16:20]} Nf6 {[%clk 0:16:06]}
9. O-O-O {[%clk 0:16:08]} Be7 {[%clk 0:16:15]} 10. Qd3 {[%clk 0:16:15]} O-O
{[%clk 0:15:58]} 11. Nd4 {[%clk 0:16:07]} Rc8 {[%clk 0:15:25]} 12. Kb1
{[%clk 0:16:02]} a6 {[%clk 0:15:21]} 13. f4 {[%clk 0:15:59]} Bd7 {[%clk 0:15:00]}
14. h4 {[%clk 0:15:47]} b5 {[%clk 0:15:02]} 15. Bxf6 {[%clk 0:15:35]} gxf6
{[%clk 0:14:42]} 16. f5 {[%clk 0:15:25]} Re8 {[%clk 0:13:19]} 17. g4
{[%clk 0:14:04]} b4 {[%clk 0:13:08]} 18. Nce2 {[%clk 0:14:06]} e5
{[%clk 0:13:10]} 19. Nf3 {[%clk 0:13:52]} Bb5 {[%clk 0:12:32]} 20. Qe3
{[%clk 0:13:59]} Qc7 {[%clk 0:12:35]} 21. Rd2 {[%clk 0:13:23]} Qc5
{[%clk 0:11:08]} 22. Qxc5 {[%clk 0:10:21]} dxc5 {[%clk 0:11:11]} 23. Ng3
{[%clk 0:10:13]} Red8 {[%clk 0:10:48]} 24. Rhd1 {[%clk 0:10:22]} h6
{[%clk 0:10:10]} 25. b3 {[%clk 0:09:28]} Kf8 {[%clk 0:09:53]} 26. a4
{[%clk 0:09:16]} Bc6 {[%clk 0:09:43]} 27. Rxd8+ {[%clk 0:09:23]} Rxd8
{[%clk 0:09:36]} 28. Rxd8+ {[%clk 0:09:32]} Bxd8 {[%clk 0:09:45]} 29. Nd2
{[%clk 0:09:41]} Ke7 {[%clk 0:06:42]} 30. Kc1 {[%clk 0:09:29]} Bb7
{[%clk 0:06:06]} 31. Nc4 {[%clk 0:08:53]} Bc7 {[%clk 0:06:11]} 32. Kd2
{[%clk 0:09:01]} Bc6 {[%clk 0:05:52]} 33. Kd3 {[%clk 0:08:58]} Bb7
{[%clk 0:06:00]} 34. Nf1 {[%clk 0:08:49]} Bd8 {[%clk 0:02:30]} 35. Nfe3
{[%clk 0:08:58]} a5 {[%clk 0:02:34]} 36. Nd5+ {[%clk 0:07:16]} Kd7
{[%clk 0:02:42]} 37. g5 {[%clk 0:06:22]} fxg5 {[%clk 0:02:46]} 38. Nxe5+
{[%clk 0:06:10]} Ke8 {[%clk 0:02:55]} 39. hxg5 {[%clk 0:05:54]} Ba6+
{[%clk 0:02:25]} 40. Ke3 {[%clk 0:05:39]} Bxg5+ {[%clk 0:01:22]} 41. Kf3
{[%clk 0:05:45]} Bd8 {[%clk 0:01:00]} 42. Nc4 {[%clk 0:04:23]} Kf8
{[%clk 0:00:39]} 43. Kg4 {[%clk 0:04:10]} Kg7 {[%clk 0:00:31]} 44. e5
{[%clk 0:04:00]} Bb7 {[%clk 0:00:00]} 1-0